| 000 | 00500nmm a2200169Ia 4500 | ||
|---|---|---|---|
| 008 | 251105s9999||||xx |||||||||||||||||und|| | ||
| 020 | _a9789562821049 | ||
| 041 | _aspa | ||
| 100 | _aSalinas, Maximiliano | ||
| 245 | 0 | _aEn el chileno el humor vive con uno | |
| 264 |
_a[Santiago de Chile, Chile] : _bLOM Ediciones, _c1998 |
||
| 300 | _a130 páginas | ||
| 490 | _aFin de milenio | ||
| 650 | _aFolklore & Popular Culture | ||
| 856 | _uhttps://public.digitaliapublishing.com/a/13205 | ||
| 942 | _cCF | ||
| 999 |
_c94295 _d94295 |
||